Pozorovanie zmien v krajine s využitím dát leteckého laserového skenovania
Gespeichert in:
| 1. Verfasser: | |
|---|---|
| Weitere Verfasser: | |
| Format: | Manuskript Buch |
| Sprache: | Slowakisch |
| Veröffentlicht: |
2025
|
| Schlagworte: | |
| Online-Zugang: | http://is.stuba.sk/zp/portal_zp.pl?podrobnosti=174776 CRZP |
| Tags: |
Keine Tags, Fügen Sie das erste Tag hinzu!
|
MARC
| LEADER | 00000ntm a22000003a 4500 | ||
|---|---|---|---|
| 001 | stuzp104312 | ||
| 003 | SK-STU | ||
| 005 | 20250729140628.9 | ||
| 007 | ta | ||
| 008 | 150427s2015----xo-----f-mn---000-0-slo-d | ||
| 040 | |a STU |b slo | ||
| 041 | 0 | |a slo | |
| 100 | 1 | |a Martinák, Patrik |u 010130 |4 aut |U SvF Stavebná fakulta |T SvF Katedra globálnej geodézie a geoinformatiky |X 120302 |U V130 |Y 13 |7 120302 | |
| 242 | 0 | 1 | |a Observing changes in the landscape using airborne laser scanning data |y eng |
| 245 | 1 | 0 | |a Pozorovanie zmien v krajine s využitím dát leteckého laserového skenovania |
| 260 | |c 2025 | ||
| 650 | 4 | |a digitálny model povrchu |2 slo | |
| 650 | 4 | |a tvorba rastrov |2 slo | |
| 650 | 4 | |a pozorovanie pretvorenia krajiny |2 slo | |
| 650 | 4 | |a letecké laserové skenovanie |2 slo | |
| 650 | 4 | |a airborne laser scanning |2 eng | |
| 650 | 4 | |a digital surface model |2 eng | |
| 650 | 4 | |a raster creation |2 eng | |
| 650 | 4 | |a observation of landscape transformation |2 eng | |
| 700 | 1 | |a Lieskovský, Tibor |u 010130 |k Z1 |4 ths |U SvF Stavebná fakulta |T SvF Katedra globálnej geodézie a geoinformatiky |X 3805 |U V130 |Y 13 |7 A000003805 | |
| 856 | 4 | |u http://is.stuba.sk/zp/portal_zp.pl?podrobnosti=174776 | |
| 856 | 4 | |u https://opac.crzp.sk/?fn=detailBiblioForm&sid=EE8AF2E76B4BE2A86EA3C993824A |z CRZP | |